000 00451nam a2200181Ia 4500
005 20250423101126.0
008 250422s9999 xx 000 0 und d
020 _a9789382226499
050 _aT 58.5 .A25/
100 _aAckroyd, Adichie
245 0 _aTextbook of internet and information technology
260 _aNew Delhi
260 _bRandom Exports
260 _c2013
300 _a304 p
650 _aInformation Technology
942 _cBK
999 _c35363
_d35363